Quick Pick: Continent by Oscar-Nominated Films Quiz Stats

 Plays Quiz Updated Feb 9, 2020

Support Sporcle.
Go Orange.
Score 0/12 Timer 01:00
0 Plays Today
% Correct
North America
87.9%
Europe
87.3%
Asia
84.4%
North America
83.2%
Asia
80.6%
Europe
80%
Africa
77.4%
Africa
60.7%
South America
59.3%
South America
57.4%
Oceania
52.9%
Oceania
52.4%

Today's Daily Dose

You're not logged in!

Compare scores with friends on all Sporcle quizzes.
OR
Log In
Forgot?

From the Vault

Video Game Foursomes

by Jengajam

Gaming 10m
Back in our day, you had to buy a special adapter to play with more than 2 people. And...we're sooo glad it's not like that anymore.
Remove Ads.
Support Sporcle.
Get the best of Sporcle when you Go Orange. This ad-free experience offers more features, more stats, and more fun while also helping to support Sporcle. Thank you for becoming a member.

Show Comments

Extras

Top Quizzes Today


Score Distribution

Your Account Isn't Verified!

In order to create a playlist on Sporcle, you need to verify the email address you used during registration. Go to your Sporcle Settings to finish the process.

Report this User

Report this user for behavior that violates our Community Guidelines.

Details: